|
|
|
|
| LEADER |
01375nam a2200313 4500 |
| 001 |
10116365 |
| 003 |
upatras |
| 005 |
20210117205427.0 |
| 008 |
150603m1981 ge ger |
| 020 |
|
|
|a 3879191328
|
| 040 |
|
|
|a GR-PaULI
|c GR-PaULI
|e AACR2
|
| 041 |
0 |
|
|a ger
|
| 082 |
0 |
4 |
|a 526.902 85
|
| 100 |
1 |
|
|a Peters, Hans-Otto
|4 aut
|9 144407
|
| 245 |
1 |
0 |
|a Vermessungstechnische datenverarbeitung
|c von Hans-Otto Peters
|
| 260 |
|
|
|a Stuttgart
|b Wittwer
|c 1981
|
| 300 |
|
|
|a 2 τ. σε 1 (viii, 119 σ.)
|c 21 εκ.
|
| 490 |
1 |
|
|a Vermessungswesen bei Konrad Wittwer
|v 8
|
| 504 |
|
|
|a Περιέχει βιβλιογραφία
|
| 505 |
0 |
|
|a τ.1. Numerische Berechnungen - (viii, 21) σ. --
|a τ.2. Komplexe Punktdefinitionen und ihre Beziehungen - (22-119) σ.
|
| 650 |
|
4 |
|a Τοπογραφία
|x Επεξεργασία δεδομένων
|9 144408
|
| 760 |
1 |
|
|a Vermessungswesen bei Konrad Wittwer
|g 8
|
| 773 |
0 |
|
|t Numerische Berechnungen
|
| 773 |
0 |
|
|t Komplexe Punktdefinitionen und ihre Beziehungen
|
| 852 |
|
|
|a GR-PaULI
|b ΠΑΤΡΑ
|b ΒΚΠ
|b ΒΣ1
|k ΑΣΧΞ
|h 526.902 85 PET
|m 01020
|p 025000153005
|t 1
|3 v.1-2
|
| 942 |
|
|
|2 ddc
|c BK15
|
| 952 |
|
|
|0 0
|1 0
|3 v.1-2
|4 0
|6 526_902000000000000_85_PET
|7 0
|9 179288
|a LISP
|b LISP
|c BSC
|d 2016-04-24
|i 01020
|l 0
|o 526.902 85 PET
|p 025000153005
|r 2016-04-24 00:00:00
|t 1
|w 2016-04-24
|y BK15
|
| 998 |
|
|
|c ΜΠΟΥΡΑΣ
|d 2015-06
|
| 999 |
|
|
|c 111098
|d 111098
|